Statistics for Обреновићи

Click here to take the quiz!

General Stats

  • This quiz has been taken 476 times
  • The average score is 4 of 5

Answer Stats

Answer% Correct
Милош Обреновић
99%
Милан Обреновић
86%
Александар Обреновић
81%
Михаило Обреновић
77%
Милан Обреновић
75%

Score Distribution

Percentile by Number Answered

Percent of People with Each Score

Your Score History

You have not taken this quiz